000 00391nam a2200157Ia 4500
008 230312s9999||||xx |||||||||||||| ||und||
020 _a0-470-28483-4
082 _a747.92
_bWHI-R
100 _aWhitehead; Randall
245 0 _aResidential Lighting
260 _bJhon & Wiley
_aIndia
_c2009
300 _a254
546 _aEng.
650 _aArchitecture
_vResidential Lighting
942 _cBK
999 _c7386
_d7386